00233nam a2200085 4500082002000000100002800020245006900048260002000117300001000137 aI5135x5444 AR/6 aGovernment of Karnataka a6th Report of the karnataka administrative reforms commision-two aBengaluruc2023 a254p.